|
|
|
|
| LEADER |
03904nam a22006135i 4500 |
| 001 |
978-3-540-31835-4 |
| 003 |
DE-He213 |
| 005 |
20151204170501.0 |
| 007 |
cr nn 008mamaa |
| 008 |
100720s2005 gw | s |||| 0|eng d |
| 020 |
|
|
|a 9783540318354
|9 978-3-540-31835-4
|
| 024 |
7 |
|
|a 10.1007/11537908
|2 doi
|
| 040 |
|
|
|d GrThAP
|
| 050 |
|
4 |
|a TA1637-1638
|
| 050 |
|
4 |
|a TA1634
|
| 072 |
|
7 |
|a UYT
|2 bicssc
|
| 072 |
|
7 |
|a UYQV
|2 bicssc
|
| 072 |
|
7 |
|a COM012000
|2 bisacsh
|
| 072 |
|
7 |
|a COM016000
|2 bisacsh
|
| 082 |
0 |
4 |
|a 006.6
|2 23
|
| 082 |
0 |
4 |
|a 006.37
|2 23
|
| 245 |
1 |
0 |
|a Mathematics of Surfaces XI
|h [electronic resource] :
|b 11th IMA International Conference, Loughborough, UK, September 5-7, 2005. Proceedings /
|c edited by Ralph Martin, Helmut Bez, Malcolm Sabin.
|
| 264 |
|
1 |
|a Berlin, Heidelberg :
|b Springer Berlin Heidelberg,
|c 2005.
|
| 300 |
|
|
|a X, 478 p.
|b online resource.
|
| 336 |
|
|
|a text
|b txt
|2 rdacontent
|
| 337 |
|
|
|a computer
|b c
|2 rdamedia
|
| 338 |
|
|
|a online resource
|b cr
|2 rdacarrier
|
| 347 |
|
|
|a text file
|b PDF
|2 rda
|
| 490 |
1 |
|
|a Lecture Notes in Computer Science,
|x 0302-9743 ;
|v 3604
|
| 505 |
0 |
|
|a Free-Form Surface Construction in a Commercial CAD/CAM System -- Polyhedral Gauss Maps and Curvature Characterisation of Triangle Meshes -- Manifold Embedding of Graphs Using the Heat Kernel -- Detection of Surface Creases in Range Data -- Efficient Linear System Solvers for Mesh Processing -- Smoothing of Time-Optimal Feedrates for Cartesian CNC Machines -- Plausible 3D Colour Surface Completion Using Non-parametric Techniques -- Determining the Topology of Real Algebraic Surfaces -- Level Sets of Functions and Symmetry Sets of Surface Sections -- An Heuristic Analysis of the Classification of Bivariate Subdivision Schemes -- Global Curve Analysis via a Dimensionality Lifting Scheme -- Conversion of Dupin Cyclide Patches into Rational Biquadratic Bézier Form -- Multi-sided Attribute Based Modeling -- On Normals and Control Nets -- Line Subdivision -- Euclidean Voronoi Diagrams of 3D Spheres: Their Construction and Related Problems from Biochemistry -- The Importance of Polynomial Reproduction in Piecewise-Uniform Subdivision -- A Hybrid Approach to Extracting Tooth Models from CT Volumes -- Bézier Surfaces of Minimal Internal Energy -- Positivity-Preserving Scattered Data Interpolation -- Artifacts in Box-Spline Surfaces -- Spatial Pythagorean Hodograph Quintics and the Approximation of Pipe Surfaces -- Modelling Surface Normal Distribution Using the Azimuthal Equidistant Projection -- New Trends in Digital Shape Reconstruction -- Backward Errors and Condition Numbers of Regular and Singular Points on Algebraic Curves -- Approximate Rational Parameterization of Implicitly Defined Surfaces -- Convergence Analysis of Discrete Differential Geometry Operators over Surfaces -- A Marching Method for Computing Intersection Curves of Two Subdivision Solids.
|
| 650 |
|
0 |
|a Computer science.
|
| 650 |
|
0 |
|a Computer science
|x Mathematics.
|
| 650 |
|
0 |
|a Computer graphics.
|
| 650 |
|
0 |
|a Image processing.
|
| 650 |
|
0 |
|a Computer mathematics.
|
| 650 |
|
0 |
|a Geometry.
|
| 650 |
1 |
4 |
|a Computer Science.
|
| 650 |
2 |
4 |
|a Image Processing and Computer Vision.
|
| 650 |
2 |
4 |
|a Discrete Mathematics in Computer Science.
|
| 650 |
2 |
4 |
|a Computational Science and Engineering.
|
| 650 |
2 |
4 |
|a Symbolic and Algebraic Manipulation.
|
| 650 |
2 |
4 |
|a Geometry.
|
| 650 |
2 |
4 |
|a Computer Graphics.
|
| 700 |
1 |
|
|a Martin, Ralph.
|e editor.
|
| 700 |
1 |
|
|a Bez, Helmut.
|e editor.
|
| 700 |
1 |
|
|a Sabin, Malcolm.
|e editor.
|
| 710 |
2 |
|
|a SpringerLink (Online service)
|
| 773 |
0 |
|
|t Springer eBooks
|
| 776 |
0 |
8 |
|i Printed edition:
|z 9783540282259
|
| 830 |
|
0 |
|a Lecture Notes in Computer Science,
|x 0302-9743 ;
|v 3604
|
| 856 |
4 |
0 |
|u http://dx.doi.org/10.1007/11537908
|z Full Text via HEAL-Link
|
| 912 |
|
|
|a ZDB-2-SCS
|
| 912 |
|
|
|a ZDB-2-LNC
|
| 950 |
|
|
|a Computer Science (Springer-11645)
|